00000000nem 2200000za 4500
0019.853138
003CaOODSP
00520250919095225
006m    go  c f      
007cr |||||||||||
008180308s2018    onc    cc a  fo 1   fre d
0341 |aa|b6000000|dW1410000|eW0500000|fN0900000|gN0417500
040 |aCaOODSP|bfre
041 |afre|beng
043 |an-cn---
0861 |aM48-900A/2017F-PDF
24500|aPrincipales régions minières, principales mines productrices et principaux champs de pétrole et de gaz du Canada |h[ressource électronique] / |cSecteur des terres et des minéraux et Office national de l'énergie = Principal mineral areas, producing mines, and oil and gas fields in Canada / Lands and Minerals Sector and National Energy Board.
250 |a67e éd., 2017.
255 |aScale 1:6,000,000 ; |bProj. conique conforme de Lambert |c(W 141°00’--W 50°00'/N 90°00'--N 41°75’).
260 |a[Ottawa] : |bRessources naturelles Canada, |cc2018.
300 |a1 carte en coul.
4901 |a[Commission géologique du Canada, carte série "A"] ; |v900A
500 |aPubl. aussi en anglais sous le titre : Principal mineral areas, producing mines, and oil and gas fields in Canada = Principales régions minières, principales mines productrices et principaux champs de pétrole et de gaz du Canada.
500 |aComprend le texte, les graphiques et les croquis cartographiques.
500 |aComprend les indices.
500 |aCet avis ne comprend que la carte en format PDF, l'ensemble complet de données contenant tous les fichiers en divers formats peut être téléchargé gratuitement à http://geoscan.nrcan.gc.ca/
520 |a« Cette carte, publiée annuellement par Ressources naturelles Canada, contient des statistiques sur la production de minéraux du Canada et montre l'emplacement des principaux champs de gaz, mines de minéraux métalliques, non métalliques et industriels et mines de sables bitumineux dans les provinces et territoires. Elle recense aussi les oléoducs et gazoducs existants et proposés. L'index répertorie les mines, leur type, leur emplacement, leur propriétaire et les principaux minéraux et métaux produits. Les propriétaires ne figurent pas à l'index des champs de pétrole et de gaz par manque d'espace. Trois cartes intercalaires montrent l'emplacement de certaines activités métallurgiques ainsi que des ouvertures et des fermetures de mines actuelles et prévues. Plusieurs tableaux et graphiques sur la carte contiennent des statistiques sur la production de minéraux » -- Sommaire fourni par l'éditeur.
546 |aComprend d'un titre parallèle et du texte prélim. en anglais.
69207|2gccst|aIndustrie gazière
69207|2gccst|aIndustrie minière
69207|2gccst|aIndustrie pétrolière
69207|2gccst|aCarte géographique
7101 |aCanada. |bRessources naturelles Canada.
7101 |aCanada. |bOffice national de l'énergie.
7102 |aCommission géologique du Canada.
77508|tPrincipal mineral areas, producing mines, and oil and gas fields in Canada |w(CaOODSP)9.853130
794 |tPrincipales régions minières, principales mines productrices et principaux champs de pétrole et de gaz du Canada = |bSoixante-huitième édition, 2018|w(CaOODSP)9.870048
795 |tPrincipales régions minières, principales mines productrices et principaux champs de pétrole et de gaz du Canada |b66e éd., 2016|w(CaOODSP)9.837797
830#0|aCommission géologique du Canada, carte série "A" ;|v900A.|w(CaOODSP)9.816596
85640|qPDF|s13.39 Mo|uhttps://publications.gc.ca/collections/collection_2018/rncan-nrcan/M48-900A-2017-fra.pdf